• 首页
  • 本馆介绍
  • 公告通知
  • 最新文献
  • 馆藏检索
  • 电子资源
  • 读者导购
  • 参考咨询
  • 我的图书馆
  • 登录
  • 详细信息显示
  • 放入我的书架
  • 预约/预借图书
  • 作者相关作品
  • 分类相关作品
  • 丛书相关作品
  • 出版社相关作品

书目信息

  • 表格格式
  • 工作单格式
  • 卡片格式
题名:
小号基础教程
    
 
作者: 宋建敏 编著
分册:  
出版信息: 北京   中国广播电视出版社  2000
页数: 210页
开本: 26cm
丛书名: 流行乐器基础教程系列丛书
单 册:
中图分类: J621.6
科图分类:
主题词: 小号--吹奏法 , 器乐--奏法 , 器乐--演奏
电子资源:
ISBN: 7-5043-3416-2
000 00693nam0 2200241 45
001 0107110993
005 20031219104057.1
010    @a7-5043-3416-2@dCNY22.80
100    @a20010711d2000 km y0chiy0120 ea
101 0  @achi
105    @a z 000yy
200 1  @a小号基础教程@AXiao Hao Ji Chu Jiao Cheng@f宋建敏编著@FSong Jian Min Bian Zhu
210    @a北京@c中国广播电视出版社@d2000
215    @a210页@d26cm
225    @a流行乐器基础教程系列丛书
410    @12001 @a流行乐器基础教程系列丛书
606 0  @a小号@x吹奏法
606 0  @a器乐@x奏法
606 0  @a器乐@x演奏
690    @aJ621.6@v4
701  0 @a宋建敏@4编著
801    @aCN@bTSTC@c20010711
905    @b313864-866@dJ621.6@e98@f3
    
    小号基础教程/宋建敏编著.-北京:中国广播电视出版社,2000
    210页;26cm.-(流行乐器基础教程系列丛书)
    
    
    ISBN 7-5043-3416-2:CNY22.80
    
●
相关链接 在E读中查询图书 在五车中查询图书 在当当中查询图书 在豆瓣中查询图书


正题名:小号基础教程     索取号:J621.6/98         预约/预借

序号 登录号 条形码 馆藏地/架位号 状态 备注
1 0313864   203138648   第一借阅区/ [索取号:J621.6/98] 在馆    
2 0313865   203138657   第一借阅区/ [索取号:J621.6/98] 在馆    
3 0313866   203138666   第一样本阅览室/ [索取号:J621.6/98] 在馆    
唐山师范学院图书馆 欢迎您!
大连网信软件有限公司© 版权所有